000 00286nam a2200133Ia 4500
005 20251222144903.0
008 251222s9999||||xx |||||||||||||| ||spa||
020 _a84-249-3536-5
082 _a872.6/S38
100 _aSéneca
245 0 _aTragedias
264 _bGredos
942 _cLIB
999 _c22077
_d22077